Culture générale sur la France - Statistiques

Statistiques générales
  • Ce quiz a été pris 1 411 fois
  • Le résultat moyen est 8 sur 11
Statistiques - réponses
Hint Réponse % Correct
Capitale de la France Paris
100%
Couleur du drapeau français : bleu, blanc et ? Rouge
100%
Combien de pays possèdent une frontière avec la France ? 8
86%
Emblème Coq
83%
Libérateur de la France De Gaulle
82%
Nombres d'habitants en millions 68
77%
Stade de football de l'équipe de France Stade de France
77%
Grand général français de la fin du XVIIIème au début du XIXème siècle Napoléon
70%
Sport dans lequel la France excelle le plus Handball
55%
Mot définissant la France à l'étranger Baguette
31%
Surnom de Paris en rapport avec l'amour La ville des amoureux
15%
Aucun quiz correspondant
Distribution des résultats
% des personnes avec chaque résultat
Percentile par nombre de réponses
Votre historique - résultats
Vous n’avez pas pris ce quiz